000
00342 a2200157 4500
001
171752
020
_a
85-269-0097-8
040
_c
Magnum
100
_a
Duarte, Luiz
240
1
0
_a
O cravo brigou com a rosa
_l
por
245
1
0
_a
O cravo brigou com a rosa
300
_a
12
362
0
_a
1992
697
_a
LITERATURA INFANTIL
942
_c
BK
999
_c
171752
_d
171752